00282nam a2200121Ia 4500100001700000650001900017366000700036245004400043260003500087082001800122300000800140546001200148 aRamamurti/V  aMachine Design f20 aFinite element method in Machine Design bNarosa Publication Housec2009 a620.0015bRAM a178 aENGLISH